Partnerek és ellenségek

Bibliographic Details
Main Author: Tokár, Géza (Author)
Format: Article
Language:Hungarian
ISSN:1335-7050
Subjects:

MARC

LEADER 00000nab a2200000 ar4500
001 vtls010117677
003 SK-MaSNL
005 20260318133044.0
008 100723c20100716xo |||||||| 000 b|hun
015 |a SNBRB2010/07  |2 snkbucl 
038 |a SNKBUCL 
040 |a DSZK  |b slo  |c DSZK  |e AACR2 
041 0 |a hun 
044 |a xo  |c SK 
080 |a 32-051  |2 2001 
080 |a 070  |x (437.6)  |2 2001 
080 |a 342.518  |x (437.6)  |2 2001 
080 |a 659.3:32  |x (437.6)  |2 2001 
100 1 |a Tokár, Géza  |4 aut  |9 871056 
245 1 0 |a Partnerek és ellenségek  |c Tokár Géza 
600 1 7 |a Radičová, Iveta,  |d 1956-  |2 snkbucl  |9 106427 
650 0 7 |a masmédiá a politika  |2 SNKPH  |9 110774 
655 7 |a komentáre  |2 SNKPH  |9 70412 
773 0 |t Új szó  |g Évf. 63, sz. 162 (16.7.2010), o. 7  |x 1335-7050 
852 |a SNK  |b KIS3GCP 
852 |a DSZK  |b KIS3GCP 
958 |a HU 
958 |a SK 
999 |c 2180613  |d 2182543